| Tag |
First Indicator |
Second Indicator |
Subfields |
| LEADER |
00000cam a22000008a 4500 |
| 001 |
in00000081698 |
| 005 |
20151008054125.0 |
| 008 |
810213s1981 at b b s00100 eng |
| 010 |
|
|
|a 81000987
|
| 020 |
|
|
|a 0702215295 :
|c $30.00
|
| 035 |
|
|
|a (OCoLC)07282520
|
| 035 |
|
|
|9 AAH9711AM
|
| 039 |
0 |
|
|a 2
|b 3
|c 3
|d 3
|e 3
|
| 040 |
|
|
|a DLC
|c DLC
|d TXA
|d UtOrBLW
|
| 043 |
|
|
|a a-pp---
|
| 049 |
|
|
|a TXAM
|c [1803817]
|
| 050 |
0 |
0 |
|a JQ6311
|b .A55 1981
|
| 082 |
0 |
|
|a 320.995/3
|2 19
|
| 245 |
0 |
0 |
|a Policy-making in a new state :
|b Papua New Guinea, 1972-1977 /
|c edited by J.A. Ballard.
|
| 263 |
|
|
|a 8103
|
| 264 |
|
1 |
|a St. Lucia [Brisbane] ;
|a New York :
|b University of Queensland Press,
|c [1981]
|
| 264 |
|
4 |
|c ©1981
|
| 300 |
|
|
|a xx, 331 pages ;
|c 22 cm.
|
| 336 |
|
|
|a text
|b txt
|2 rdacontent
|
| 337 |
|
|
|a unmediated
|b n
|2 rdamedia
|
| 338 |
|
|
|a volume
|b nc
|2 rdacarrier
|
| 490 |
1 |
|
|a Policy, politics, and administration series,
|x 0158-9016
|
| 500 |
|
|
|a Maps on lining paper.
|
| 504 |
|
|
|a Includes bibliographical references and index.
|
| 651 |
|
0 |
|a Papua New Guinea
|x Politics and government.
|
| 700 |
1 |
|
|a Ballard, J. A.
|q (John Addison),
|d 1930-
|
| 830 |
|
0 |
|a Policy, politics, and administration series.
|
| 999 |
|
|
|a MARS
|
| 999 |
f |
f |
|s aba6b8e4-6d5f-3fc6-b0a0-4dd4078f6f00
|i 57ed755c-c957-38c2-93e3-4250bedb5c88
|t 0
|
| 952 |
f |
f |
|p ric
|a Texas A&M University
|b Rellis Campus
|c Joint Library Facility
|d Remote Storage
|t 0
|e JQ6311 .A55 1981
|h Library of Congress classification
|i unmediated -- volume
|m A14806152331
|
| 998 |
f |
f |
|a JQ6311 .A55 1981
|t 0
|l Remote Storage
|